| 000 | 00553nam a2200169 i 4500 | ||
|---|---|---|---|
| 001 | 138228 | ||
| 003 | ES-MaACL | ||
| 005 | 20240511063034.0 | ||
| 007 | t| | ||
| 008 | 070214s1918 sp r ||||1| spa d | ||
| 100 | 1 |
_aSánchez de Toca, Joaquín, _d1852-1942 _9102598 |
|
| 245 | 1 | 3 |
_aLa crisis de nuestro gobierno constitucional _b: desde 1 de junio de 1917 a .. / Joaquín Sánchez de Toca. |
| 260 |
_aMadrid : _b[s. n.], _c1918 ( _fIsidoro Perales) |
||
| 300 |
_a264 p. ; _c22 cm. |
||
| 852 |
_aES-MaACL _jD-4834 |
||
| 999 |
_c138228 _d138228 |
||